75 readings : An anthology
75 Readings offers an outstanding collection of the most popular essays for first-year writing, at an affordable price. The readings represent a wide variety of authors, disciplines, issues, and interests, and at only
Đã lưu trong:
| 格式: | 圖書 |
|---|---|
| 語言: | Undetermined |
| 出版: |
New York
McGraw-Hill Higher Education
2007
|
| 主題: | |
| 標簽: |
添加標簽
沒有標簽, 成為第一個標記此記錄!
|
| Thư viện lưu trữ: | Trung tâm Học liệu Trường Đại học Cần Thơ |
|---|
| LEADER | 00881nam a2200205Ia 4500 | ||
|---|---|---|---|
| 001 | CTU_187221 | ||
| 008 | 210402s9999 xx 000 0 und d | ||
| 082 | |a 808.0427 | ||
| 082 | |b S497 | ||
| 245 | 0 | |a 75 readings : | |
| 245 | 3 | |b An anthology | |
| 245 | 0 | |c [edited by] Santi V. Buscemi, Charlotte Smith | |
| 260 | |a New York | ||
| 260 | |b McGraw-Hill Higher Education | ||
| 260 | |c 2007 | ||
| 520 | |a 75 Readings offers an outstanding collection of the most popular essays for first-year writing, at an affordable price. The readings represent a wide variety of authors, disciplines, issues, and interests, and at only |1 5 net (half the price of most readers), 75 Readings offers an excellent value for students. | ||
| 650 | |a English language,Tiếng Anh | ||
| 650 | |x Rhetoric,Tu từ học | ||
| 910 | |a Hải | ||
| 980 | |a Trung tâm Học liệu Trường Đại học Cần Thơ | ||